000 01277cam a2200265 4500
001 L137007
008 070309s2007 xxk f 000 0 eng d
020 _a9780117539792
035 _a(Sirsi) u137007
041 0 _aeng
050 0 4 _a690.241026 $2 18
110 2 _aUnited Kingdom
_bDepartment for Communities and Local Government
_94939
245 0 0 _aRevisions to principles of selection for listed buildings
_h[electronic resource]
260 _aLondon
_bDCLG
_c2007
520 _aUpdates and clarifies the present advice in Planning Policy Guidance 15: "Planning and the historic environment" (PPG15) paras 6.1 to 6.40 dealing with the principles and criteria for listed buildings. These paragraphs are revoked.
590 _aKA NTK
650 2 4 _aDCLG CIRCULAR 01/2007
650 2 4 _aPLANNING POLICY GUIDANCE NOTE 15
650 2 4 _aPLANNING (LISTED BUILDINGS AND CONSERVATION AREAS) ACT 1990
651 4 _aEngland
_y886-
690 _aBUILT ENVIRONMENT-BUILDING TYPES-HISTORIC BUILDINGS AND ANCIENT MONUMENTS-LISTED BUILDINGS
690 _aENVIRONMENTAL AND LAND CONSULTANCY-PLANNING AND DEVELOPMENT-PLANNING GUIDANCE
856 4 8 _uhttps://www.communities.gov.uk/index.asp?id=1508515
_zView the circular free of charge at www.communities.gov.uk...
942 _n0
999 _c106586
_d106586